=LDR 00000nam 2200000 4500 =001 INLIS000000000000306 =005 20150306090155.0 =006 =007 =008 Ind =035 ##$$0010-061300000000306 =041 ##$$a Ind =082 ##$$a 612.3 =090 ##$$a 612.3 Muh i =100 ##$$a Muhji B, Syahmin =245 ##$$a Ilmu gizi / Sjahmin Mohji B =260 ##$$a Jakarta $b Bhratara $c 1997 =300 ##$$a ... jil. : ilus. ; 20 cm =650 ##$$a Gizi =850 ##$$a NBPNMAT